Countries France Has Invaded - Statistics

General Stats
  • This quiz has been taken 106 times
    103 since last reset
  • The average score is 6 of 16
Answers on the Grid
Answers color-coded by a green-red scale on the quiz's grid according to % correct below.
Indonesia
Kyrgyzstan
Brazil
Laos
India
Portugal
Syria
Chad
Niger
Iraq
Egypt
Cambodia
Libya
Haiti
Dominica
Malta
Switzerland
Zimbabwe
South Africa
Turkey
Nepal
Myanmar
Thailand
Japan
Norway
Sweden
Finland
Sri Lanka
Lesotho
Paraguay
 
Answer Stats
Answer % Correct
Haiti
54%
Niger
51%
Chad
46%
Egypt
46%
Syria
44%
Switzerland
40%
India
39%
Cambodia
37%
Laos
37%
Libya
35%
Portugal
35%
Turkey
33%
Malta
26%
Dominica
25%
Brazil
23%
Iraq
18%
No matching quizzes found
Score Distribution
Percent of People with Each Score
Percentile by Number Answered
Your Score History
You have not taken this quiz since the last reset